| 000 | 01051nam a2200301 i 4500 | ||
|---|---|---|---|
| 003 | DO-SdBPM | ||
| 005 | 20251113115414.0 | ||
| 007 | ta | ||
| 008 | 230706b20uu dr a | 00| 0 spa d | ||
| 020 | _a 9945 120077 | ||
| 040 |
_aDO-SdBPM _bspa _cBPMSU _erda |
||
| 082 | 4 |
_a372.4 _bL951t _222 |
|
| 100 | 1 |
_aLugares, Ramona _eautora |
|
| 245 | 1 | 3 |
_a Tierra feliz : _bcuentos para niños / _cRamona Lugares ; ilustraciones Julio César Martínez |
| 264 |
_aSanto Domingo, República Dominicana : _b Susaeta Ediciones Dominicana _c[200-?] |
||
| 300 |
_a63 páginas : _bilustraciones ; _c23 cm. |
||
| 336 |
_2rdacontent _atexto _btxt |
||
| 337 |
_2rdamedia _asin mediación _bn |
||
| 338 |
_2rdacarrier _avolumen _bnc |
||
| 490 | 0 | _aBiblioteca Susaeta | |
| 590 | _aInventariado, 2025/VM | ||
| 650 | 7 |
_aCuentos infantiles dominicanos _v |
|
| 650 | _aLiteratura infantil dominicana | ||
| 650 | 7 |
_aLiteratura infantil _xEnseñanza |
|
| 700 | 1 |
_aMontenegro, Liliana, _eedición y prólogo |
|
| 910 | _aVMateo V. Control de Calidad. BPMSU | ||
| 942 |
_2lcc _cBK |
||
| 999 |
_c15502 _d15502 |
||